000 00401nam a2200157Ia 4500
003 GCL
008 140319s9999 xx 000 0 eng d
040 _aGCL /
_cGCL
082 0 4 _a338.5
_bL M
100 1 _aLUENBERGER, DAVID
245 1 0 _aMICROECONOMIC THEORY /
_cLUENBERGER, DAVID
260 _a[S.N] :
_bMC GRAW - HILL ،
_c1995
300 _a486 P
650 0 4 _aMICRO ECONOMICS
942 _2ddc
_cBK
999 _c25002
_d25002